<?xml version="1.0" encoding="UTF-8"?>
<collection xmlns:xsi="http://www.w3.org/2001/XMLSchema-instance" xsi:schemaLocation="http://www.loc.gov/MARC21/slim http://www.loc.gov/standards/marcxml/schema/MARC21slim.xsd" xmlns="http://www.loc.gov/MARC21/slim">
 <record>
  <leader>00000nam a22000004a 4500</leader>
  <controlfield tag="001">UP-1685936960461371717</controlfield>
  <controlfield tag="003">Buklod</controlfield>
  <controlfield tag="005">20240213140320.0</controlfield>
  <controlfield tag="006">m     |  | |      </controlfield>
  <controlfield tag="007">ta</controlfield>
  <controlfield tag="008">240213s2019    enk     r   b|001 1|eng d</controlfield>
  <datafield tag="020" ind1=" " ind2=" ">
   <subfield code="a">9787708448208</subfield>
  </datafield>
  <datafield tag="037" ind1=" " ind2=" ">
   <subfield code="a">BC-74334</subfield>
   <subfield code="b">Linar International Book Resources, Inc.</subfield>
   <subfield code="c">Php 1,985.00</subfield>
   <subfield code="n">Department of History and Philosophy</subfield>
  </datafield>
  <datafield tag="040" ind1=" " ind2=" ">
   <subfield code="a">OLC</subfield>
   <subfield code="d">BAG</subfield>
   <subfield code="e">rda</subfield>
  </datafield>
  <datafield tag="041" ind1="0" ind2=" ">
   <subfield code="a">eng</subfield>
  </datafield>
  <datafield tag="090" ind1=" " ind2="0">
   <subfield code="a">JQ 1499 A91</subfield>
   <subfield code="b">C58 2019 </subfield>
  </datafield>
  <datafield tag="245" ind1="0" ind2="4">
   <subfield code="a">The civil sphere in East Asia</subfield>
   <subfield code="c">edited by Jeffrey C. Alexander [and three others] .</subfield>
  </datafield>
  <datafield tag="250" ind1=" " ind2=" ">
   <subfield code="a">First paperback edition.</subfield>
  </datafield>
  <datafield tag="264" ind1=" " ind2="1">
   <subfield code="a">Cambridge, [England]</subfield>
   <subfield code="b">Cambridge University Press</subfield>
   <subfield code="c">2019.</subfield>
  </datafield>
  <datafield tag="300" ind1=" " ind2=" ">
   <subfield code="a">xvii, 304 pages </subfield>
   <subfield code="c">23 cm</subfield>
  </datafield>
  <datafield tag="336" ind1=" " ind2=" ">
   <subfield code="a">text</subfield>
   <subfield code="2">rdacontent</subfield>
  </datafield>
  <datafield tag="337" ind1=" " ind2=" ">
   <subfield code="a">unmediated</subfield>
   <subfield code="2">rdamedia</subfield>
  </datafield>
  <datafield tag="338" ind1=" " ind2=" ">
   <subfield code="a">volume</subfield>
   <subfield code="2">rdacarrier</subfield>
  </datafield>
  <datafield tag="504" ind1=" " ind2=" ">
   <subfield code="a">Includes bibliographical references and index.</subfield>
  </datafield>
  <datafield tag="505" ind1="0" ind2=" ">
   <subfield code="a">The civil sphere in the cultural and political transformations of modern East Asia / David A. Palmer and Jeffrey C. Alexander -- South Korea's presidential scandal and civil repair / Jongryul Choi -- System crisis and the civil sphere : media discourse on the crisis of education in South Korea / Sunwoong Park -- Boundary tension and reconstruction : credit information crises and the civil sphere in Korea / Hee-Jeong Lee -- Performing civil disobedience in Hong Kong / Agnes Shuk-mei Ku -- Fault line in the civil sphere : explaining new divisions in Hong Kong's Opposition Movement / Andrew Junker and Cheris Chan -- Three moral codes and micro-sivil spheres in China / David A. Palmer -- Attempting civil repair in China : SACOM's campaigns and the challenge to digital capitalism / Pun Ngai and Kenneth Tsz Fung Ng -- Fantasy is more believable : the shadow civil sphere in Chinese online fiction / Xiaoli Tian -- Institutions and civil instantiation : the case of modern Japanese police / Mayumi Shimizu -- What constitutes &quot;autonomy&quot; in the Japanese civil sphere? : the struggle over surrogacy / Yoshie Yanagihara -- Developing communicative institutions in local communities : the practice of participatory budgeting in Taiwan / Kuo-ming Lin -- Reconciliation through the transnational civil sphere? : historical dialogue and the Tri-National Joint History Project in East Asia / Horng-luen Wang -- Opening up civil sphere theory : from the United States through Latin America to East Asia / Carlo Tognato -- Theoretical issues in comparative perspective / Peter Kivisto and Giuseppe Sciortino.</subfield>
  </datafield>
  <datafield tag="520" ind1=" " ind2=" ">
   <subfield code="a">Leading sociologists who live and work in East Asia examine their region's most dangerous and explosive social problems, and some of their most stunning success stories, from the viewpoint of Civil Sphere Theory. This new and increasingly influential sociological understanding of democracy aims to describe and explain the moral codes and institutional foundations of democratic solidarity, as it manifests itself within a distinct social sphere. Part of a multi-volume project, this collection includes cases from Japan, mainland China, Hong Kong, Taiwan, and South Korea, bringing together efforts by sociologists based in East Asian academic institutions. Through an extraordinary blend of sophisticated social theory and path-breaking empirical research, The Civil Sphere in East Asia aims to advance civil sphere theory by globalizing and regionalizing it at the same time.</subfield>
  </datafield>
  <datafield tag="650" ind1=" " ind2="0">
   <subfield code="a">Civil society</subfield>
   <subfield code="z">East Asia.</subfield>
  </datafield>
  <datafield tag="650" ind1=" " ind2="0">
   <subfield code="a">Political participation</subfield>
   <subfield code="z">East Asia. </subfield>
  </datafield>
  <datafield tag="650" ind1=" " ind2="0">
   <subfield code="a">Democracy</subfield>
   <subfield code="z">East Asia.</subfield>
  </datafield>
  <datafield tag="650" ind1=" " ind2="0">
   <subfield code="a">Far East</subfield>
   <subfield code="x">Politics and government</subfield>
   <subfield code="y">21st century.</subfield>
  </datafield>
  <datafield tag="700" ind1="1" ind2=" ">
   <subfield code="a">Alexander, Jeffrey C.</subfield>
   <subfield code="d">1947-</subfield>
   <subfield code="e">editor. </subfield>
  </datafield>
  <datafield tag="700" ind1="1" ind2=" ">
   <subfield code="a">Palmer, David A.</subfield>
   <subfield code="e">editor. </subfield>
  </datafield>
  <datafield tag="700" ind1="1" ind2=" ">
   <subfield code="a">Sunwoong, Park</subfield>
   <subfield code="e">editor. </subfield>
  </datafield>
  <datafield tag="700" ind1="1" ind2=" ">
   <subfield code="a">Shuk-mei Ku, Agnes</subfield>
   <subfield code="e">editor. </subfield>
  </datafield>
  <datafield tag="905" ind1=" " ind2=" ">
   <subfield code="a">FO</subfield>
  </datafield>
  <datafield tag="852" ind1="0" ind2=" ">
   <subfield code="a">UPBAG</subfield>
   <subfield code="b">UPBAG-MAIN</subfield>
   <subfield code="h">JQ 1499 A91</subfield>
   <subfield code="i">C58 2019</subfield>
  </datafield>
  <datafield tag="942" ind1=" " ind2=" ">
   <subfield code="a">Book</subfield>
  </datafield>
 </record>
</collection>
